<?xml version="1.0" encoding="UTF-8"?>
<record
    xmlns:xsi="http://www.w3.org/2001/XMLSchema-instance"
    xsi:schemaLocation="http://www.loc.gov/MARC21/slim http://www.loc.gov/standards/marcxml/schema/MARC21slim.xsd"
    xmlns="http://www.loc.gov/MARC21/slim">

  <leader>010940000a22001210004500</leader>
  <datafield tag="773" ind1="0" ind2=" ">
    <subfield code="t">Revista internacional magisterio : educaci&#xF3;n y ped</subfield>
  </datafield>
  <datafield tag="100" ind1="1" ind2=" ">
    <subfield code="a">C&#xE1;ndido, Alberto.</subfield>
  </datafield>
  <datafield tag="245" ind1="1" ind2="0">
    <subfield code="a">Aprender a convivir: como las escuelas hacen la diferencia.</subfield>
  </datafield>
  <datafield tag="300" ind1=" " ind2=" ">
    <subfield code="a">no.44 (may. - jun., 2010),p, 40-44</subfield>
  </datafield>
  <datafield tag="520" ind1=" " ind2=" ">
    <subfield code="a">La violencia escolar es una pesadilla tanto para educadores como para alumnos, a pesar de la misi&#xF3;n de los establecimientos educativos de ense&#xF1;ar a convivir. La investigaci&#xF3;n de un programa de seguridad en cinco escuelas p&#xFA;blicas de la capital brasile&#xF1;a, con alto nivel de violencia y ubicadas en &#xE1;reas socialmente menos privilegiadas, evidenci&#xF3; que una de ellas, gracias al cambio de directora, se encaminaba hacia la superaci&#xF3;n de sus problemas. Las claves, entre otras, eran el liderazgo de la directora, la participaci&#xF3;n de los actores, los proyectos significativos, los m&#xE9;todos activos, la educaci&#xF3;n no formal abierta, adem&#xE1;s de otras medidas sencillas y de bajo costo que llevaron al cambio de clima escolar.</subfield>
  </datafield>
  <datafield tag="650" ind1="1" ind2="4">
    <subfield code="a">EDUCACION - ASPECTOS SOCIALES</subfield>
  </datafield>
  <datafield tag="942" ind1=" " ind2=" ">
    <subfield code="c">ANA</subfield>
  </datafield>
  <datafield tag="952" ind1=" " ind2=" ">
    <subfield code="0">0</subfield>
    <subfield code="1">0</subfield>
    <subfield code="4">0</subfield>
    <subfield code="7">0</subfield>
    <subfield code="8">HEM</subfield>
    <subfield code="a">FUSBC</subfield>
    <subfield code="b">FUSBC</subfield>
    <subfield code="d">2016-01-26</subfield>
    <subfield code="l">0</subfield>
    <subfield code="o"> </subfield>
    <subfield code="r">2016-01-26 00:00:00</subfield>
    <subfield code="w">2016-01-26</subfield>
    <subfield code="y">ANA</subfield>
  </datafield>
  <datafield tag="999" ind1=" " ind2=" ">
    <subfield code="c">63008</subfield>
    <subfield code="d">63008</subfield>
  </datafield>
</record>
